[Event "11th EUR-ch"]
[Site "Rijeka CRO"]
[Date "2010.03.10"]
[Round "5"]
[White "Minasian, Artashes"]
[Black "Fressinet, Laurent"]
[Result "0-1"]
[WhiteElo "2568"]
[BlackElo "2670"]
[EventDate "2010.03.06"]
[PlyCount "140"]

1.c4 e6 2.Nf3 d5 3.g3 Nf6 4.Bg2 Be7 5.O-O O-O 6.d3 c5 7.Nc3 Nc6 8.e4 d4 9.
Ne2 Nd7 10.Ne1 Rb8 11.f4 b5 12.e5 Bb7 13.cxb5 Nb4 14.Bxb7 Rxb7 15.a4 a6 
16.bxa6 Nxa6 17.Nc2 Qa8 18.Na3 Nb4 19.Nc4 Nb6 20.b3 N6d5 21.Ba3 Nc6 22.Nc1
Na5 23.Nxa5 Qxa5 24.Qe1 Qa6 25.Qe4 Ne3 26.Rf2 Rfb8 27.Re2 g6 28.Bb2 Qa5 
29.Ra2 Bd8 30.Ba1 Qa6 31.h3 Ba5 32.Kh2 Nd5 33.Rg2 Bc3 34.Qf3 Bb4 35.Rae2 
Ne3 36.Rg1 Qa5 37.Qf2 Qd8 38.Qf3 Qd7 39.Bb2 Rb6 40.h4 h5 41.Kh3 f5 42.Rxe3
dxe3 43.Qxe3 Qd5 44.Rg2 Ba5 45.Ba3 Rc6 46.Kh2 Bc3 47.Rc2 Bd4 48.Qe2 Rcb6 
49.Bb2 Rc6 50.Bc3 Rcc8 51.Be1 Kg7 52.Rc4 Rc6 53.Rc2 Rcb6 54.Rc4 Kh6 55.Rc2
Kh7 56.Rc4 Kg7 57.Rc2 Kh6 58.Rc4 Rxb3 59.Nxb3 Rxb3 60.Bf2 Rb1 61.Be1 Qb7 
62.Rc2 Qb3 63.Bf2 Qd5 64.Be1 Ra1 65.a5 Qb3 66.Kh3 Rxe1 67.Qxe1 Qxc2 68.Qh1
Qxd3 69.Qg2 c4 70.a6 c3 0-1

[Event "11th EUR-ch"]
[Site "Rijeka CRO"]
[Date "2010.03.10"]
[Round "5"]
[White "Grigorian, Avetik"]
[Black "Moiseenko, Olexandr"]
[Result "1/2-1/2"]
[WhiteElo "2565"]
[BlackElo "2668"]
[EventDate "2010.03.06"]
[PlyCount "77"]

1.Nf3 Nf6 2.c4 e6 3.g3 d5 4.Bg2 dxc4 5.Qa4+ c6 6.Qxc4 b5 7.Qc2 Bb7 8.d4 
Nbd7 9.O-O c5 10.a4 b4 11.Bg5 Rc8 12.Bxf6 Nxf6 13.Nbd2 Be7 14.Rfd1 O-O 15.
Qd3 Qc7 16.Rac1 Rfd8 17.e3 Qb8 18.Qb5 a6 19.Qf1 h6 20.Nb3 Qa8 21.Ne5 cxd4 
22.Bxb7 Qxb7 23.Nxd4 Bc5 24.Nb3 Rxd1 25.Qxd1 Be7 26.Rxc8+ Qxc8 27.Qd3 Qc7 
28.Nc4 Qc6 29.a5 h5 30.Ncd2 Ng4 31.Qc4 Qd6 32.Nd4 Bf8 33.N2f3 e5 34.Nc6 e4
35.Nfd4 Qf6 36.Qe2 Bc5 37.h3 Bxd4 38.Nxd4 Ne5 39.Qxh5 1/2-1/2

[Event "11th EUR-ch"]
[Site "Rijeka CRO"]
[Date "2010.03.10"]
[Round "5"]
[White "Parligras, Mircea-Emilian"]
[Black "Meier, Georg"]
[Result "1/2-1/2"]
[WhiteElo "2551"]
[BlackElo "2663"]
[EventDate "2010.03.06"]
[PlyCount "46"]

1.e4 e6 2.d4 d5 3.Nd2 c5 4.Ngf3 cxd4 5.exd5 Qxd5 6.Bc4 Qd6 7.O-O Nf6 8.Nb3
Nc6 9.Nbxd4 Nxd4 10.Nxd4 a6 11.Bb3 Qc7 12.Qf3 Bd6 13.h3 O-O 14.Bg5 Nd7 15.
c3 b5 16.Rfe1 Bb7 17.Qh5 Ne5 18.Bc2 Ng6 19.Rad1 Qc5 20.Qg4 Ne5 21.Qh4 Ng6 
22.Qg4 Ne5 23.Qh4 Ng6 1/2-1/2

[Event "11th EUR-ch"]
[Site "Rijeka CRO"]
[Date "2010.03.10"]
[Round "5"]
[White "Delchev, Alexander"]
[Black "Oleksienko, Mykhailo"]
[Result "1/2-1/2"]
[WhiteElo "2625"]
[BlackElo "2525"]
[EventDate "2010.03.06"]
[PlyCount "138"]

1.d4 d5 2.c4 c6 3.Nf3 Nf6 4.Nc3 dxc4 5.a4 Bf5 6.e3 e6 7.Bxc4 Bb4 8.O-O O-O
9.Qe2 Bg6 10.Ne5 Nbd7 11.Nxg6 hxg6 12.Rd1 Qa5 13.e4 e5 14.Na2 Be7 15.b4 
Qc7 16.f4 exd4 17.e5 Nd5 18.Bxd5 cxd5 19.Bb2 a5 20.Rac1 Qd8 21.Bxd4 axb4 
22.Bf2 Qa5 23.Rb1 Nb8 24.Nc1 Qxa4 25.Rxd5 Nc6 26.Nb3 Rfd8 27.Rxd8+ Rxd8 
28.Bb6 Rd5 29.Qc4 Qb5 30.Qxb5 Rxb5 31.Be3 g5 32.g3 gxf4 33.gxf4 g5 34.Re1 
Rd5 35.Kf1 gxf4 36.Bxf4 Rd3 37.Re3 Rxe3 38.Bxe3 Nxe5 39.Ke2 Kg7 40.Na5 b5 
41.Bd4 Bf6 42.Bc5 Nc4 43.Nb3 Bc3 44.Bd4+ Bxd4 45.Nxd4 Nd6 46.Kd3 f5 47.Nc6
b3 48.Kc3 f4 49.Nd4 Kf6 50.Nxb3 Kf5 51.Kd3 Kg4 52.Nd4 f3 53.Ke3 Nc4+ 54.
Kf2 b4 55.h3+ Kf4 56.Ne6+ Ke5 57.Nc5 Kd4 58.Na4 b3 59.h4 Ne5 60.h5 Ke4 61.
Nc5+ Kf4 62.Nxb3 Ng4+ 63.Ke1 Ke3 64.Nd2 f2+ 65.Kd1 Kd3 66.Kc1 Ke2 67.Kc2 
Ne3+ 68.Kc3 Nf5 69.h6 Nxh6 1/2-1/2

[Event "11th EUR-ch"]
[Site "Rijeka CRO"]
[Date "2010.03.10"]
[Round "5"]
[White "Gelashvili, Tamaz"]
[Black "Hovhannisyan, Robert"]
[Result "1/2-1/2"]
[WhiteElo "2621"]
[BlackElo "2498"]
[EventDate "2010.03.06"]
[PlyCount "170"]

1.c4 e5 2.Nc3 Nf6 3.Nf3 Nc6 4.a3 d5 5.cxd5 Nxd5 6.Qc2 Nxc3 7.bxc3 Bd6 8.e4
O-O 9.Be2 f5 10.exf5 Bxf5 11.d3 Qf6 12.O-O Bc5 13.Be3 Bb6 14.a4 Kh8 15.
Rae1 Rae8 16.Bxb6 axb6 17.Nd2 Qd6 18.Nc4 Qc5 19.Ne3 Bg6 20.Rd1 Rd8 21.Rd2 
Rf7 22.Qb3 Rfd7 23.Rfd1 Ne7 24.h4 Nd5 25.Nxd5 Qxd5 26.Qb4 Qa5 27.Qxa5 bxa5
28.Rb2 b6 29.Rb5 Re7 30.Rb2 Red7 31.Rb5 Re7 32.Rb2 Be8 33.Ra1 Re6 34.f3 
Red6 35.Rd2 Bg6 36.Rad1 Be8 37.Ra2 Bf7 38.Rb2 Be8 39.Ra2 Bg6 40.Rad2 e4 
41.fxe4 Bxe4 42.d4 Rc6 43.Rc1 Rh6 44.h5 g6 45.hxg6 Rxg6 46.Bd3 Bxd3 47.
Rxd3 Re8 48.Kf2 Rge6 49.Rc2 Re1 50.d5 R1e4 51.c4 R8e7 52.Kf3 Kg7 53.d6 
cxd6 54.Rxd6 R4e6 55.c5 Re3+ 56.Kf2 bxc5 57.Rxc5 Re2+ 58.Kg1 R2e5 59.Rdd5 
Rxd5 60.Rxd5 Ra7 61.Kf2 Kf6 62.Rb5 Ra8 63.Kf3 Rc8 64.Rxa5 Rc4 65.g4 Kg6 
66.Kg3 h6 67.Kh4 Rd4 68.Ra7 Rc4 69.Ra6+ Kg7 70.a5 Rc5 71.Ra8 Rd5 72.a6 Rd6
73.g5 hxg5+ 74.Kxg5 Rg6+ 75.Kf5 Rf6+ 76.Ke5 Rc6 77.Kd5 Rf6 78.Ra7+ Kg8 79.
Ke5 Rc6 80.Kf5 Rd6 81.Ke4 Re6+ 82.Kd5 Rf6 83.Ra8+ Kg7 84.a7 Ra6 85.Kc5 Ra1
1/2-1/2

[Event "11th EUR-ch"]
[Site "Rijeka CRO"]
[Date "2010.03.10"]
[Round "5"]
[White "Belov, Vladimir"]
[Black "Swiercz, Dariusz"]
[Result "1/2-1/2"]
[WhiteElo "2619"]
[BlackElo "2488"]
[EventDate "2010.03.06"]
[PlyCount "118"]

1.c4 Nf6 2.Nc3 d5 3.cxd5 Nxd5 4.g3 g6 5.Bg2 Nxc3 6.bxc3 Bg7 7.Rb1 c6 8.Nf3
O-O 9.O-O Nd7 10.Qa4 Nb6 11.Qa3 Qd6 12.Nd4 Rd8 13.Qa5 Bg4 14.h3 Be6 15.d3 
Bxd4 16.cxd4 Qxd4 17.h4 Qd7 18.h5 Bh3 19.hxg6 hxg6 20.Qd2 Bxg2 21.Kxg2 f6 
22.Qh6 Qd5+ 23.f3 Qf7 24.Rh1 Qg7 25.Qe3 Kf7 26.Ba3 Nd5 27.Qc5 b6 28.Qc4 e6
29.Qxc6 Rac8 30.Qa4 Kg8 31.Rbc1 g5 32.Qe4 Qf7 33.Bb2 Rxc1 34.Rxc1 Kg7 35.
Rc6 Re8 36.Kg1 e5 37.Rd6 Ne7 38.Bxe5 Ng8 39.d4 fxe5 40.dxe5 Re6 41.Qd4 
Rxd6 42.exd6+ Qf6 43.Qd5 Nh6 44.d7 Nf7 45.Kg2 Nd8 46.e4 Kf8 47.a4 Ke7 48.
a5 bxa5 49.Qxa5 a6 50.Qd5 Qb2+ 51.Kg1 Qb5 52.Qd4 Qxd7 53.Qc5+ Kf6 54.Qb6+ 
Ne6 55.Qxa6 Qd4+ 56.Kg2 Qd2+ 57.Kh3 Qc3 58.Kg4 Qc5 59.Qa8 Qc7 1/2-1/2

[Event "11th EUR-ch"]
[Site "Rijeka CRO"]
[Date "2010.03.10"]
[Round "5"]
[White "Hracek, Zbynek"]
[Black "Markus, Robert"]
[Result "1/2-1/2"]
[WhiteElo "2615"]
[BlackElo "2618"]
[EventDate "2010.03.06"]
[PlyCount "45"]

1.e4 c5 2.Nf3 e6 3.d4 cxd4 4.Nxd4 a6 5.c4 Nf6 6.Nc3 Qc7 7.a3 b6 8.Be3 Bb7 
9.f3 Be7 10.Rc1 d6 11.Be2 O-O 12.O-O Nbd7 13.Qd2 Rac8 14.b4 Qb8 15.Kh1 
Rfe8 16.Rc2 Ba8 17.Rb1 h5 18.Nd1 Ne5 19.Rcc1 Rc7 20.Qe1 d5 21.exd5 exd5 
22.c5 bxc5 23.bxc5 1/2-1/2

[Event "11th EUR-ch"]
[Site "Rijeka CRO"]
[Date "2010.03.10"]
[Round "5"]
[White "Podolchenko, Evgeniy"]
[Black "Vorobiov, Evgeny"]
[Result "1/2-1/2"]
[WhiteElo "2502"]
[BlackElo "2616"]
[EventDate "2010.03.06"]
[PlyCount "34"]

1.d4 Nf6 2.c4 e6 3.Nc3 Bb4 4.Qc2 d5 5.cxd5 exd5 6.Bg5 h6 7.Bh4 g5 8.Bg3 
Ne4 9.e3 h5 10.f3 Nxg3 11.hxg3 Qe7 12.Kf2 Be6 13.Bd3 c6 14.Nge2 Nd7 15.a3 
Bd6 16.b4 Kf8 17.g4 h4 1/2-1/2

[Event "11th EUR-ch"]
[Site "Rijeka CRO"]
[Date "2010.03.10"]
[Round "5"]
[White "Martinovic, Sasa"]
[Black "Ter-Sahakian, Samvel"]
[Result "0-1"]
[WhiteElo "2509"]
[BlackElo "2513"]
[EventDate "2010.03.06"]
[PlyCount "54"]

1.d4 d5 2.c4 c6 3.Nc3 Nf6 4.e3 e6 5.Nf3 Nbd7 6.Qc2 Bd6 7.b3 O-O 8.Be2 b6 
9.O-O Bb7 10.Bb2 Qe7 11.Rfd1 Rac8 12.Rac1 Rfe8 13.g3 c5 14.cxd5 exd5 15.
Bf1 Ne4 16.Bg2 Ndf6 17.dxc5 Bxc5 18.Nd4 Ng4 19.Nf5 Qg5 20.Nxe4 dxe4 21.
Nxg7 Bxe3 22.Nxe8 Rxc2 23.Rxc2 Bc5 24.b4 Bxb4 25.Rd7 e3 26.f3 Bd2 27.Bf1 
e2 0-1

[Event "11th EUR-ch"]
[Site "Rijeka CRO"]
[Date "2010.03.10"]
[Round "5"]
[White "Bacrot, Etienne"]
[Black "Iotov, Valentin"]
[Result "1/2-1/2"]
[WhiteElo "2714"]
[BlackElo "2568"]
[EventDate "2010.03.06"]
[PlyCount "62"]

1.d4 Nf6 2.c4 e6 3.Nc3 Bb4 4.g3 O-O 5.Bg2 d5 6.a3 Be7 7.Qd3 c6 8.Nf3 b6 9.
O-O Bb7 10.Rd1 Nbd7 11.Bf4 a5 12.cxd5 Ba6 13.Qd2 cxd5 14.Ne5 Rc8 15.Rac1 
Nxe5 16.dxe5 Nd7 17.e4 Nc5 18.exd5 Nb3 19.Qe1 Nxc1 20.Bxc1 Qd7 21.d6 Bd8 
22.Be3 Bb7 23.Bxb7 Qxb7 24.Qe2 Qd7 25.Qg4 f5 26.exf6 Rxf6 27.h4 Rc6 28.Ne4
Rf7 29.Bd4 Rf5 30.Bc3 h5 31.Qe2 b5 1/2-1/2

[Event "11th EUR-ch"]
[Site "Rijeka CRO"]
[Date "2010.03.10"]
[Round "5"]
[White "Navara, David"]
[Black "Grigoriants, Sergey"]
[Result "1/2-1/2"]
[WhiteElo "2708"]
[BlackElo "2562"]
[EventDate "2010.03.06"]
[PlyCount "50"]

1.e4 c6 2.d4 d5 3.f3 e6 4.Nc3 Bb4 5.Qd3 Ne7 6.Bf4 Nd7 7.a3 Ba5 8.O-O-O O-O
9.Qe3 Bb6 10.Qd2 Ba5 11.Kb1 b5 12.Bd6 dxe4 13.fxe4 Nf6 14.Bxe7 Qxe7 15.Bd3
e5 16.dxe5 Ng4 17.Nd5 cxd5 18.Qxa5 Nf2 19.exd5 Nxd1 20.Qe1 Nf2 21.Qxf2 
Qxe5 22.Ne2 Qxd5 23.Nc3 Qh5 24.Nxb5 Bd7 25.Nd4 Qc5 1/2-1/2

[Event "11th EUR-ch"]
[Site "Rijeka CRO"]
[Date "2010.03.10"]
[Round "5"]
[White "Melkumian, Hrant"]
[Black "Krasenkow, Michal"]
[Result "1-0"]
[WhiteElo "2582"]
[BlackElo "2652"]
[EventDate "2010.03.06"]
[PlyCount "81"]

1.d4 Nf6 2.c4 g6 3.Nc3 d5 4.cxd5 Nxd5 5.Bd2 Nb6 6.Nf3 Bg7 7.Bg5 c5 8.e3 
cxd4 9.Nxd4 O-O 10.Be2 N8d7 11.O-O Nc5 12.Rc1 h6 13.Bh4 g5 14.Bg3 e5 15.
Ndb5 Bd7 16.Qd6 Bxb5 17.Nxb5 Ne4 18.Qb4 Nxg3 19.hxg3 a5 20.Qa3 e4 21.Rfd1 
Qb8 22.Nc7 Ra7 23.b3 Nc8 24.Qa4 b6 25.Nd5 Qe5 26.Qc6 Ne7 27.Qxb6 Raa8 28.
Nxe7+ Qxe7 29.Rc7 Qb4 30.Qxb4 axb4 31.Bc4 Rxa2 32.Rdd7 Be5 33.Rb7 Kg7 34.
Bxf7 g4 35.Bd5+ Kf6 36.Bxe4 Ra6 37.Kh2 Bc3 38.f4 gxf3 39.gxf3 Rg8 40.Rf7+ 
Ke5 41.Rbe7+ 1-0

[Event "11th EUR-ch"]
[Site "Rijeka CRO"]
[Date "2010.03.10"]
[Round "5"]
[White "Halkias, Stelios"]
[Black "Roiz, Michael"]
[Result "1/2-1/2"]
[WhiteElo "2580"]
[BlackElo "2652"]
[EventDate "2010.03.06"]
[PlyCount "22"]

1.c4 Nf6 2.Nc3 c5 3.Nf3 g6 4.e3 Bg7 5.d4 O-O 6.Be2 d5 7.O-O cxd4 8.exd4 
Nc6 9.Be3 Bf5 10.c5 Ne4 11.Qa4 Qd7 1/2-1/2

[Event "11th EUR-ch"]
[Site "Rijeka CRO"]
[Date "2010.03.10"]
[Round "5"]
[White "Reinderman, Dimitri"]
[Black "Fridman, Daniel"]
[Result "1/2-1/2"]
[WhiteElo "2576"]
[BlackElo "2650"]
[EventDate "2010.03.06"]
[PlyCount "58"]

1.e4 c6 2.c4 d5 3.cxd5 cxd5 4.exd5 Nf6 5.Bb5+ Nbd7 6.Nc3 g6 7.d4 a6 8.Be2 
Nb6 9.Nf3 Bg7 10.O-O O-O 11.Ne5 Nbxd5 12.Bf3 Be6 13.Nd3 Nxc3 14.bxc3 Bd5 
15.Re1 Re8 16.Rb1 Qc7 17.Bd2 e6 18.a4 Red8 19.Bxd5 Nxd5 20.Qb3 b5 21.Nc5 
Rdb8 22.Rec1 Bf8 23.c4 bxc4 24.Qxc4 Rxb1 25.Rxb1 Qc6 26.a5 Bg7 27.Qd3 h5 
28.h3 e5 29.Nb3 exd4 1/2-1/2

[Event "11th EUR-ch"]
[Site "Rijeka CRO"]
[Date "2010.03.10"]
[Round "5"]
[White "Ragger, Markus"]
[Black "Zhigalko, Sergei"]
[Result "1/2-1/2"]
[WhiteElo "2572"]
[BlackElo "2648"]
[EventDate "2010.03.06"]
[PlyCount "120"]

1.d4 Nf6 2.c4 e6 3.Nf3 b6 4.g3 Ba6 5.Qc2 Bb4+ 6.Bd2 Be7 7.e4 d5 8.cxd5 
Bxf1 9.Kxf1 exd5 10.e5 Ne4 11.Nc3 Nxd2+ 12.Nxd2 Qd7 13.f4 c5 14.Nf3 Nc6 
15.Rd1 c4 16.Kg2 O-O 17.h4 f5 18.Qe2 Qe6 19.Nh2 Bb4 20.Nf1 Bxc3 21.bxc3 b5
22.Ne3 Rab8 23.Qf3 Rfd8 24.a3 a5 25.Kh3 b4 26.cxb4 axb4 27.Nxc4 dxc4 28.d5
Nxe5 29.fxe5 Qxe5 30.Rhe1 Qf6 31.axb4 Rxb4 32.d6 h6 33.Qd5+ Qf7 34.d7 Rbb8
35.Rf1 Qxd5 36.Rxd5 Rb7 37.Rc1 Rbxd7 38.Rxd7 Rxd7 39.Rxc4 Kf7 40.Kg2 Re7 
41.Kf3 g5 42.hxg5 hxg5 43.Rc8 Ra7 44.Rc6 Re7 45.Ra6 Re6 46.Ra7+ Kf6 47.Ra8
Rd6 48.Rf8+ Ke5 49.Re8+ Re6 50.Ra8 g4+ 51.Kf2 Rd6 52.Re8+ Kd4 53.Re2 Rd5 
54.Ra2 Kc3 55.Ra3+ Kb2 56.Ra4 Kb3 57.Rf4 Kc3 58.Kg2 Kd3 59.Kg1 Ke3 60.Kg2 
Rd2+ 1/2-1/2

[Event "11th EUR-ch"]
[Site "Rijeka CRO"]
[Date "2010.03.10"]
[Round "5"]
[White "Kovacevic, Aleksandar"]
[Black "Gustafsson, Jan"]
[Result "1/2-1/2"]
[WhiteElo "2574"]
[BlackElo "2646"]
[EventDate "2010.03.06"]
[PlyCount "98"]

1.e4 e5 2.Nf3 Nc6 3.Bb5 a6 4.Ba4 Nf6 5.O-O b5 6.Bb3 Bc5 7.a4 Rb8 8.axb5 
axb5 9.Nxe5 Nxe5 10.d4 Bxd4 11.Qxd4 d6 12.Nc3 c5 13.Qd1 c4 14.Ba2 b4 15.
Nd5 Nxd5 16.exd5 O-O 17.Qd4 Qf6 18.Be3 Qg6 19.f4 Bh3 20.Qd2 c3 21.bxc3 
bxc3 22.Qe2 Nd7 23.Bd4 Bg4 24.Qf2 Bf5 25.Bb3 Nf6 26.Bxf6 Qxf6 27.Ra4 Rfc8 
28.Re1 h5 29.Ra6 Re8 30.Raa1 h4 31.Re3 g6 32.Rae1 Rxe3 33.Qxe3 Rb4 34.Qe7 
Qd4+ 35.Qe3 Qf6 36.Qe7 Qxe7 37.Rxe7 Rd4 38.Re3 Rd1+ 39.Kf2 Rd2+ 40.Kf3 h3 
41.g4 Bxc2 42.Bxc2 Rxc2 43.Kg3 Rg2+ 44.Kxh3 c2 45.Rc3 Rd2 46.Rc8+ Kg7 47.
Kg3 Kf6 48.h4 Rd3+ 49.Kg2 Rxd5 1/2-1/2

[Event "11th EUR-ch"]
[Site "Rijeka CRO"]
[Date "2010.03.10"]
[Round "5"]
[White "Zviagintsev, Vadim"]
[Black "Nikolov, Momchil"]
[Result "1-0"]
[WhiteElo "2643"]
[BlackElo "2550"]
[EventDate "2010.03.06"]
[PlyCount "105"]

1.e4 c5 2.Nf3 e6 3.c4 Nc6 4.Be2 Nf6 5.Nc3 d5 6.exd5 exd5 7.d4 Be6 8.cxd5 
Nxd5 9.O-O Be7 10.dxc5 Nxc3 11.bxc3 Bxc5 12.Ng5 Bf5 13.Bc4 O-O 14.Qh5 Qf6 
15.Nxh7 Bxh7 16.Qxc5 Rac8 17.Bg5 Qe5 18.Qxe5 Nxe5 19.Bd5 b6 20.Rfe1 Nd3 
21.Re3 Rxc3 22.Rd1 Bg6 23.h4 Rfc8 24.h5 Nb2 25.Rd2 Rxe3 26.Bxe3 Bc2 27.Bb7
Rc7 28.Rd8+ Kh7 29.Bd5 Bf5 30.Rf8 Be6 31.Be4+ f5 32.Bxf5+ Bxf5 33.Rxf5 Nc4
34.Bf4 Rb7 35.g4 g6 36.hxg6+ Kxg6 37.Kg2 a5 38.Rh5 Rh7 39.Rxh7 Kxh7 40.Kf3
b5 41.Ke4 b4 42.Kd3 Nb2+ 43.Kc2 Na4 44.Kb3 Nc3 45.Bd2 Ne4 46.Be3 Nf6 47.f3
Nd5 48.Bd2 Nb6 49.Bxb4 axb4 50.Kxb4 Nd7 51.a4 Ne5 52.a5 Nxf3 53.a6 1-0

[Event "11th EUR-ch"]
[Site "Rijeka CRO"]
[Date "2010.03.10"]
[Round "5"]
[White "Predojevic, Borki"]
[Black "Zelcic, Robert"]
[Result "1/2-1/2"]
[WhiteElo "2639"]
[BlackElo "2547"]
[EventDate "2010.03.06"]
[PlyCount "27"]

1.e4 c6 2.d4 d5 3.exd5 cxd5 4.Bd3 Nc6 5.c3 Nf6 6.Bf4 Bg4 7.Qb3 Qd7 8.Nd2 
e6 9.Ngf3 Bxf3 10.Nxf3 Bd6 11.Be5 Qc7 12.Bxd6 Qxd6 13.O-O O-O 14.Rfe1 
1/2-1/2

[Event "11th EUR-ch"]
[Site "Rijeka CRO"]
[Date "2010.03.10"]
[Round "5"]
[White "Vuckovic, Bojan"]
[Black "Gdanski, Jacek"]
[Result "1-0"]
[WhiteElo "2630"]
[BlackElo "2527"]
[EventDate "2010.03.06"]
[PlyCount "85"]

1.e4 e5 2.Nf3 Nc6 3.Bb5 a6 4.Ba4 Nf6 5.O-O Be7 6.Re1 b5 7.Bb3 O-O 8.a4 Bb7
9.d3 Re8 10.Nbd2 Bf8 11.Nf1 d5 12.Bg5 dxe4 13.dxe4 Na5 14.Bd5 Bxd5 15.exd5
Qxd5 16.Bxf6 Qxd1 17.Rexd1 gxf6 18.Ne3 c6 19.Nd2 e4 20.axb5 axb5 21.Nf5 
Nc4 22.Nxe4 Red8 23.b3 Na3 24.c3 Nc2 25.Rac1 Rxd1+ 26.Rxd1 Ra1 27.Rxa1 
Nxa1 28.b4 Nb3 29.Kf1 c5 30.bxc5 Nxc5 31.Ned6 h5 32.Nxb5 Kh7 33.f4 Ne6 34.
g3 Bc5 35.Nbd4 Bb6 36.Ke2 h4 37.Nxe6 hxg3 38.Nf8+ Kg8 39.Nxg3 Kxf8 40.f5 
Bc7 41.Kf3 Ba5 42.Ne4 Kg7 43.c4 1-0

[Event "11th EUR-ch"]
[Site "Rijeka CRO"]
[Date "2010.03.10"]
[Round "5"]
[White "Mastrovasilis, Dimitrios"]
[Black "l`Ami, Erwin"]
[Result "1/2-1/2"]
[WhiteElo "2574"]
[BlackElo "2628"]
[EventDate "2010.03.06"]
[PlyCount "34"]

1.e4 e5 2.Nf3 Nc6 3.Bb5 a6 4.Ba4 Nf6 5.O-O Nxe4 6.d4 b5 7.Bb3 d5 8.dxe5 
Be6 9.Nbd2 Bc5 10.Nxe4 dxe4 11.Bxe6 Qxd1 12.Rxd1 fxe6 13.Ng5 O-O 14.Nxe4 
Bb6 15.a4 b4 16.Be3 Bxe3 17.fxe3 Rf5 1/2-1/2

[Event "11th EUR-ch"]
[Site "Rijeka CRO"]
[Date "2010.03.10"]
[Round "5"]
[White "Lopez Martinez, Josep Manuel"]
[Black "Laznicka, Viktor"]
[Result "0-1"]
[WhiteElo "2548"]
[BlackElo "2659"]
[EventDate "2010.03.06"]
[PlyCount "84"]

1.e4 e6 2.d4 d5 3.Nc3 dxe4 4.Nxe4 Nd7 5.Nf3 Ngf6 6.Nxf6+ Nxf6 7.Bg5 h6 8.
Be3 Bd6 9.Bd3 b6 10.Qe2 Bb7 11.O-O-O Nd5 12.Ne5 O-O 13.Bd2 Qh4 14.Qe4 Qxe4
15.Bxe4 c5 16.Nc4 Be7 17.dxc5 Bxc5 18.f3 Rac8 19.Kb1 Rfd8 20.Bc1 f6 21.a3 
Kf7 22.Bd3 h5 23.h4 Ba8 24.Rhf1 b5 25.Na5 Bb6 26.Nb3 a6 27.Rde1 Rd6 28.Nd2
Nf4 29.Ne4 Bxe4 30.Bxe4 Nxg2 31.Re2 Nxh4 32.Rh2 Nf5 33.Bf4 Rd7 34.Rxh5 
Rcd8 35.Rhh1 Bc7 36.Bxf5 exf5 37.Bc1 f4 38.c3 g5 39.Kc2 Kg6 40.Re1 Kf5 41.
Re2 Bb6 42.Rd2 Be3 0-1

[Event "11th EUR-ch"]
[Site "Rijeka CRO"]
[Date "2010.03.10"]
[Round "5"]
[White "Savchenko, Boris"]
[Black "Brkic, Ante"]
[Result "1/2-1/2"]
[WhiteElo "2652"]
[BlackElo "2543"]
[EventDate "2010.03.06"]
[PlyCount "80"]

1.e4 c5 2.Nf3 d6 3.d4 cxd4 4.Nxd4 Nf6 5.Nc3 a6 6.Rg1 e5 7.Nb3 Be6 8.g4 d5 
9.exd5 Nxd5 10.Nxd5 Qxd5 11.Qxd5 Bxd5 12.Be3 Nc6 13.O-O-O O-O-O 14.Be2 Be7
15.g5 Be6 16.Nc5 Nd4 17.Bxd4 Rxd4 18.Rxd4 exd4 19.Nd3 g6 20.h4 h6 21.Bg4 
Bxg4 22.Rxg4 hxg5 23.hxg5 Rh5 24.Rxd4 Rxg5 25.Kd2 Rf5 26.a4 Kc7 27.b4 b6 
28.Ke2 Bd6 29.Re4 Kd7 30.Ke3 Rh5 31.Kd4 g5 32.Ne5+ Bxe5+ 33.Kxe5 Rh2 34.
Rd4+ Ke7 35.Rd2 f6+ 36.Kd5 Kd7 37.c4 Rh4 38.b5 axb5 39.axb5 Rf4 40.c5 Kc7 
1/2-1/2

[Event "11th EUR-ch"]
[Site "Rijeka CRO"]
[Date "2010.03.10"]
[Round "5"]
[White "Neverov, Valeriy"]
[Black "Postny, Evgeny"]
[Result "1-0"]
[WhiteElo "2542"]
[BlackElo "2641"]
[EventDate "2010.03.06"]
[PlyCount "107"]

1.c4 Nf6 2.d4 e6 3.Nf3 b6 4.a3 Bb7 5.Nc3 d5 6.Bg5 Be7 7.Bxf6 Bxf6 8.cxd5 
exd5 9.Qa4+ c6 10.g3 O-O 11.Bg2 Re8 12.O-O Na6 13.Rfd1 Nc7 14.Rac1 Re7 15.
Ne1 Qe8 16.e3 Bc8 17.Nd3 a5 18.Qc2 Bd7 19.b4 axb4 20.axb4 b5 21.Ne2 Bg4 
22.Rd2 Bxe2 23.Rxe2 Ne6 24.Qxc6 Nxd4 25.Qxe8+ Rexe8 26.Ree1 Nb3 27.Rc7 
Rad8 28.Rd1 d4 29.e4 Re7 30.Rc6 h6 31.Rb6 Rc7 32.e5 Bg5 33.f4 Be7 34.Rxb5 
Rc2 35.Rb7 Kf8 36.Ra7 Nd2 37.b5 Nc4 38.Be4 Nb2 39.Ra2 Nxd1 40.Rxc2 Nc3 41.
Bc6 Rc8 42.Rb2 Bd8 43.Rb3 g6 44.Kg2 Ke7 45.Ra3 Bb6 46.g4 Rb8 47.Kf3 Bc7 
48.Ra7 Kd8 49.e6 fxe6 50.Nc5 Nxb5 51.Bxb5 Rxb5 52.Nxe6+ Kd7 53.Nxc7 Rb2 
54.Nb5+ 1-0

[Event "11th EUR-ch"]
[Site "Rijeka CRO"]
[Date "2010.03.10"]
[Round "5"]
[White "Jovanovic, Zoran"]
[Black "Socko, Bartosz"]
[Result "1/2-1/2"]
[WhiteElo "2526"]
[BlackElo "2637"]
[EventDate "2010.03.06"]
[PlyCount "34"]

1.e4 c5 2.Nf3 Nc6 3.Bb5 e6 4.O-O Nge7 5.b3 a6 6.Bxc6 Nxc6 7.Bb2 b5 8.Na3 
d6 9.c4 bxc4 10.Nxc4 e5 11.Ne1 Be6 12.f4 Be7 13.Nc2 O-O 14.N2e3 exf4 15.
Rxf4 Bg5 16.Rf2 Bxe3 17.Nxe3 Re8 1/2-1/2

[Event "11th EUR-ch"]
[Site "Rijeka CRO"]
[Date "2010.03.10"]
[Round "5"]
[White "Landa, Konstantin"]
[Black "Llaneza Vega, Marcos"]
[Result "1/2-1/2"]
[WhiteElo "2635"]
[BlackElo "2514"]
[EventDate "2010.03.06"]
[PlyCount "91"]

1.e4 c5 2.Nf3 Nc6 3.d4 cxd4 4.Nxd4 Nf6 5.Nc3 d6 6.Bg5 e6 7.Qd2 a6 8.O-O-O 
h6 9.Nxc6 bxc6 10.Bf4 d5 11.Qe3 Qa5 12.Be2 dxe4 13.Bc4 Qf5 14.Bg3 Bc5 15.
Qe2 O-O 16.a3 e5 17.Rhe1 Qg5+ 18.Kb1 e3 19.f3 h5 20.Rf1 h4 21.f4 Qh6 22.
fxe5 Bg4 23.Qe1 hxg3 24.Rxf6 gxf6 25.Qxg3 f5 26.h3 Rad8 27.Rxd8 Rxd8 28.
hxg4 f4 29.Qf3 Bd4 30.g5 Qxg5 31.Ne2 Bxe5 32.Qxc6 Qf6 33.Qxf6 Bxf6 34.Bxa6
Rd1+ 35.Ka2 f3 36.gxf3 Rf1 37.f4 Be7 38.b4 Bd6 39.Kb3 Bxf4 40.Nxf4 Rxf4 
41.a4 Kf8 42.a5 Ke7 43.Be2 Kd6 44.Kc3 f5 45.Kd3 Rxb4 46.Kxe3 1/2-1/2

[Event "11th EUR-ch"]
[Site "Rijeka CRO"]
[Date "2010.03.10"]
[Round "5"]
[White "Guliev, Namig"]
[Black "Papaioannou, Ioannis"]
[Result "1/2-1/2"]
[WhiteElo "2516"]
[BlackElo "2630"]
[EventDate "2010.03.06"]
[PlyCount "26"]

1.e4 d5 2.exd5 Qxd5 3.Nc3 Qa5 4.d4 Nf6 5.Nf3 Bf5 6.Bc4 e6 7.Bd2 Bb4 8.a3 
Bxc3 9.Bxc3 Qb6 10.O-O Nc6 11.a4 a5 12.Qe2 O-O 13.Rfd1 Rfd8 1/2-1/2

[Event "11th EUR-ch"]
[Site "Rijeka CRO"]
[Date "2010.03.10"]
[Round "5"]
[White "Drozdovskyi, Yuri"]
[Black "Szabo, Krisztian"]
[Result "1/2-1/2"]
[WhiteElo "2627"]
[BlackElo "2513"]
[EventDate "2010.03.06"]
[PlyCount "31"]

1.d4 Nf6 2.c4 e6 3.Nc3 Bb4 4.Qb3 c5 5.dxc5 Nc6 6.Nf3 O-O 7.Bg5 h6 8.Bxf6 
Qxf6 9.g3 b6 10.cxb6 Bb7 11.Bg2 Bxc3+ 12.bxc3 Na5 13.Qb4 Nc6 14.Qb3 Na5 
15.Qb4 Nc6 16.Qb3 1/2-1/2

[Event "11th EUR-ch"]
[Site "Rijeka CRO"]
[Date "2010.03.10"]
[Round "5"]
[White "Nanu, Ciprian-Costica"]
[Black "Tregubov, Pavel"]
[Result "0-1"]
[WhiteElo "2505"]
[BlackElo "2625"]
[EventDate "2010.03.06"]
[PlyCount "126"]

1.Nf3 c5 2.c4 Nc6 3.Nc3 e5 4.e3 Nf6 5.Be2 d5 6.cxd5 Nxd5 7.O-O Nxc3 8.dxc3
Bd6 9.e4 O-O 10.Be3 Qe7 11.Nd2 Be6 12.Bc4 Rfd8 13.Bxe6 Qxe6 14.Qb3 Qxb3 
15.axb3 Bc7 16.Rfd1 b6 17.Nc4 f6 18.Kf1 Kf7 19.Rxd8 Rxd8 20.b4 cxb4 21.
cxb4 Bb8 22.b5 Nd4 23.Rd1 Rc8 24.Na3 Ne6 25.Rd7+ Kf8 26.Ke2 Rc7 27.Rxc7 
Bxc7 28.Kd3 Ke7 29.Kc4 Bd6 30.Nc2 Nc7 31.Na3 Ke6 32.Nb1 Be7 33.Nc3 Ne8 34.
f3 g6 35.g4 Nd6+ 36.Kd3 f5 37.gxf5+ gxf5 38.exf5+ Kxf5 39.Bh6 Ke6 40.Bd2 
Kf5 41.Bh6 Ke6 42.Bd2 Bf8 43.Bg5 Nf5 44.Bc1 Be7 45.h3 Nd6 46.Bh6 Kf5 47.
Be3 Bh4 48.Bd2 h5 49.b3 Ke6 50.Be3 Be1 51.Bd2 Bxd2 52.Kxd2 Kf5 53.Ke3 h4 
54.b4 Nc4+ 55.Kd3 Na3 56.Ke2 Nc2 57.Nd5 Nd4+ 58.Ke3 Nxb5 59.Ne7+ Kf6 60.
Nc6 Ke6 61.f4 exf4+ 62.Kxf4 Kd6 63.Nb8 Kc7 0-1

[Event "11th EUR-ch"]
[Site "Rijeka CRO"]
[Date "2010.03.10"]
[Round "5"]
[White "Giri, Anish"]
[Black "Sebenik, Matej"]
[Result "1/2-1/2"]
[WhiteElo "2624"]
[BlackElo "2504"]
[EventDate "2010.03.06"]
[PlyCount "99"]

1.d4 d5 2.Nf3 Nf6 3.c4 c6 4.Nc3 dxc4 5.a4 Bf5 6.Ne5 Nbd7 7.Nxc4 Nb6 8.Ne5 
a5 9.f3 Nfd7 10.e4 Nxe5 11.dxe5 Qxd1+ 12.Kxd1 Be6 13.Kc2 Bc4 14.Be3 Bxf1 
15.Rhxf1 Nd7 16.e6 fxe6 17.Rab1 e5 18.b4 e6 19.bxa5 Bc5 20.Bd2 O-O-O 21.
Nd1 Bd4 22.Ne3 Nc5 23.Nc4 Kb8 24.Bg5 Rd7 25.Rfd1 Ka7 26.Bh4 Ka6 27.Rd2 h5 
28.h3 Rh7 29.Rb6+ Ka7 30.Rb4 Ka6 31.Rb6+ Ka7 32.Rb1 Ka6 33.Bg3 h4 34.Bh2 
Rh5 35.Rbd1 Rf7 36.Bg1 Rg5 37.Be3 Rg3 38.Re1 Nxa4 39.Rb1 Nc3 40.Rb6+ Bxb6 
41.axb6 Nxe4 42.fxe4 Rf1 43.Re2 Kb5 44.Nd6+ Ka6 45.Kc3 c5 46.Nc4 Rc1+ 47.
Kd3 Rd1+ 48.Kc3 Rc1+ 49.Kd3 Rd1+ 50.Kc3 1/2-1/2